00493nam a2200181Ia 4500008004100000020001800041050001400059100002100073245003100094245007100125260001500196260001700211260000900228300001400237300002500251300001000276440002500286180207s9999 xx 000 0 und d a9780439880343 bP218 2006 aPappas, Diane H. aStay away from strangers / cDiane H. Pappas and Richard D. Covey ; illustrated by Ric Estrada. aNew York : bScholastic,  c2006 aunpaged : bcolor illustration ; c18cm. aJust be safe series.